000 01384nam a2200253Ia 4500
001 17589
003 GE_BSU
008 181216s||||||||xx |||||||||||||| ||und||
040 _cGE_BSU
080 _a551.46(075.8)
100 _aკერესელიძე დავით, კახაბერ ბილაშვილი, ვაჟა ტრაპაიძე, გიორგი ბრეგვაძე
245 _aზოგადი ოკეანოლოგია : [სახელმძღვ.].ნაწ. 1
245 _b(ზღვებისა და ოკეანეების ჰიდროლოგია).
245 _cრედ. ზურაბ სეფერთელაძე
250 _aივ. ჯავახიშვილის სახ. თსუ
260 _aთბილისი
260 _bთბილ. უნ-ტის გამ-ბა
260 _c2013
300 _a212 გვ; სურ; ცხრ.
300 _bბიბლიოგრ.: გვ. 206-210.
653 _aგეოგრაფია
653 _aოკეანოლოგია - სახელმძღვანელოები უმაღლესი სასწავლებლებისათვის; ზღვების ჰიდროლოგია; ოკეანეების ჰიდროლოგია;
942 _cBK
999 _c50639
_d50639